Players With 1,000+ Scrimmage Yards in 2021 (only WRs, RBs, TEs) - Statistics

General Stats
  • This quiz has been taken 28 times
    24 since last reset
  • The average score is 33 of 51
Answer Stats
Position Yards Answer % Correct
RB 1,190 Aaron Jones
95%
RB 1,091 Derrick Henry
95%
TE 1,128 Travis Kelce
95%
RB 1,433 Nick Chubb
90%
WR 1,335 Tyreek Hill
90%
WR 1,553 Davante Adams
86%
RB 1,289 Ezekiel Elliott
86%
WR 1,013 Marquise Brown
86%
RB 1,558 Austin Ekeler
81%
RB 1,383 Dalvin Cook
81%
RB 1,220 Josh Jacobs
81%
WR 1,630 Justin Jefferson
81%
RB 1,337 Alvin Kamara
76%
WR 1,965 Cooper Kupp
76%
RB 2,171 Jonathan Taylor
76%
WR 1,178 CeeDee Lamb
71%
RB 1,010 Darrel Williams
71%
WR 1,476 JaMarr Chase
71%
RB 1,219 Javonte Williams
71%
WR 1,138 Keenan Allen
71%
RB 1,131 Melvin Gordon
71%
WR 1,146 Mike Williams
71%
WR 1,225 Stefon Diggs
71%
RB 1,061 Damien Harris
67%
RB 1,150 David Montgomery
67%
RB 1,519 Joe Mixon
67%
RB 1,667 Najee Harris
67%
WR 1,770 Deebo Samuel
62%
WR 1,018 Jaylen Waddle
62%
WR 1,045 Mike Evans
62%
RB 1,331 Antonio Gibson
57%
WR 1,058 Brandin Cooks
57%
RB 1,069 D'Andre Swift
57%
WR 1,214 Diontae Johnson
57%
TE 1,361 Mark Andrews
57%
WR 1,184 Tyler Lockett
57%
WR 1,124 Chris Godwin
52%
RB 1,166 Cordarrelle Patterson
52%
RB 1,098 Devin Singletary
52%
RB 1,127 James Conner
52%
RB 1,266 Leonard Fournette
52%
WR 1,205 DJ Moore
48%
WR 1,065 Terry McLaurin
48%
RB 1,056 Tony Pollard
48%
RB 1,100 Elijah Mitchell
43%
TE 1,026 Kyle Pitts
38%
WR 1,091 Tee Higgins
38%
RB 1,116 AJ Dillon
33%
WR 1,041 Hunter Renfrow
24%
WR 1,126 Michael Pittman
24%
WR 1,087 Darnell Mooney
19%
No matching quizzes found
Score Distribution
Percent of People with Each Score
Percentile by Number Answered
Your Score History
You have not taken this quiz since the last reset